Online
Catalog

Informe sobre el sistema de salud mental en República Dominicana. (Record no. 308)

MARC details
000 -CABECERA
campo de control de longitud fija 01053nam a2200241 a 4500
001 - NÚMERO DE CONTROL
campo de control 000000309
005 - FECHA Y HORA DE LA ÚLTIMA TRANSACCIÓN
campo de control 20200929145324.0
008 - DATOS DE LONGITUD FIJA--INFORMACIÓN GENERAL
campo de control de longitud fija 081209s2008 dr ab 000 0 spa d
040 ## - FUENTE DE LA CATALOGACIÓN
Centro catalogador/agencia de origen DO-SdBNP
Lengua de catalogación spa
Centro/agencia transcriptor BNPHU
082 ## - NÚMERO DE LA CLASIFICACIÓN DECIMAL DEWEY
Número de clasificación 362.2
Número de documento/Ítem I43s
245 10 - MENCIÓN DE TÍTULO
Título Informe sobre el sistema de salud mental en República Dominicana.
260 ## - PUBLICACIÓN, DISTRIBUCIÓN, ETC.
Lugar de publicación, distribución, etc. Santo Domingo :
Nombre del editor, distribuidor, etc. SESPAS: OPS/OMS,
Fecha de publicación, distribución, etc. 2008.
300 ## - DESCRIPCIÓN FÍSICA
Extensión 52 p. :
Otras características físicas il., map. ;
Dimensiones 25 cm.
590 ## - NOTA LOCAL (RLIN)
Nota local Inventariado, 2018/ YL
504 ## - NOTA DE BIBLIOGRAFÍA, ETC.
Nota de bibliografía, etc. Bibliografía : p. 53-54
500 ## - NOTA GENERAL
Nota general Informe de la evaluación del sistema de salud mental en República Dominicana utilizando el instrumento de evaluación para sistemas de salud mental de la OMS (IESM-OMS)
650 #4 - PUNTO DE ACCESO ADICIONAL DE MATERIA--TÉRMINO DE MATERIA
Término de materia o nombre geográfico como elemento de entrada Salud mental
Subdivisión geográfica República Dominicana
9 (RLIN) 1052
650 #4 - PUNTO DE ACCESO ADICIONAL DE MATERIA--TÉRMINO DE MATERIA
Término de materia o nombre geográfico como elemento de entrada Sistema de salud
Subdivisión geográfica República Dominicana
9 (RLIN) 1053
710 1# - PUNTO DE ACCESO ADICIONAL--NOMBRE DE ENTIDAD CORPORATIVA
Nombre de entidad corporativa o nombre de jurisdicción como elemento de entrada República Dominicana
Unidad subordinada Secretaria de Estado de Salud y Asistencia Social
9 (RLIN) 1054
710 2# - PUNTO DE ACCESO ADICIONAL--NOMBRE DE ENTIDAD CORPORATIVA
Nombre de entidad corporativa o nombre de jurisdicción como elemento de entrada Organización Panamericana de la Salud
9 (RLIN) 1055
710 2# - PUNTO DE ACCESO ADICIONAL--NOMBRE DE ENTIDAD CORPORATIVA
Nombre de entidad corporativa o nombre de jurisdicción como elemento de entrada Organización Mundial de la Salud
9 (RLIN) 1056
910 ## - DATOS DE OPCIÓN DEL USUARIO (OCLC)
Datos de opción del usuario Validado. Control de calidad MFF
Holdings
Estado de retiro Estado de pérdida Restricciones de uso No para préstamo Código de colección Localización permanente Ubicación/localización actual Ubicación en estantería Fecha de adquisición Número de inventario Total de préstamos Signatura topográfica completa Código de barras Fecha visto por última vez Número de copia Precio válido a partir de Tipo de ítem Koha
      Préstamo en sala Dominicana de Servicio Biblioteca Nacional Pedro Henríquez Ureña Biblioteca Nacional Pedro Henríquez Ureña Depósito 15.04.2011 LF1   362.2 I43s 309-30 25.06.2020 e.3 25.06.2020 Libros y folletos
  Extraviado   Préstamo en sala Dominicana de Servicio Biblioteca Nacional Pedro Henríquez Ureña Biblioteca Nacional Pedro Henríquez Ureña Extraviado 15.04.2011 LF1   362.2 I43s 309-40 25.06.2020 e.4 25.06.2020 Libros y folletos
  Extraviado   Préstamo en sala Dominicana de Servicio Biblioteca Nacional Pedro Henríquez Ureña Biblioteca Nacional Pedro Henríquez Ureña Extraviado 15.04.2011 LF1   362.2 I43s 309-50 25.06.2020 e.5 25.06.2020 Libros y folletos
      Préstamo restrigido Patrimonio Dominicano Biblioteca Nacional Pedro Henríquez Ureña Biblioteca Nacional Pedro Henríquez Ureña Depósito 11.07.2009 LF1   362.2 I43s 309-10 25.06.2020   25.06.2020 Libros y folletos
      Préstamo restrigido Patrimonio Dominicano Biblioteca Nacional Pedro Henríquez Ureña Biblioteca Nacional Pedro Henríquez Ureña Depósito 11.07.2009 LF1   362.2 I43s 309-20 25.06.2020 e.2 25.06.2020 Libros y folletos

Powered by Koha